00440nam a2200157Ia 4500008004100000020001400041082001600055100002100071245002000092250000700112260004500119300002800164500001900192600002100211650005000232240925s9999 xx 000 0 und d a134919785 a005.133 ENT aEntsminger, Gary 4aThe Way of Java aNA aNew Jersey:bPrintice- Hall Int.c,1999. axiv,356p.bNAfOriginal aIncludes Index aComputer Science aComputer science, information & general works